| 000 | 00780nam a22002057a 4500 | ||
|---|---|---|---|
| 003 | OSt | ||
| 005 | 20250219131308.0 | ||
| 008 | 231111b ||||| |||| 00| 0 eng d | ||
| 040 | _c0 | ||
| 082 | _aDPer 370.763 So131 January-December 2022 v.113 n. 1-6 | ||
| 100 |
_aMoore, James. _eauthor. _949897 |
||
| 245 |
_aAssaults on freedom of speech : _bwhy social studies must defend the first amendment / _cJames Moore. |
||
| 260 |
_aPhiladelphia ; _bTaylor & Francis Group, _cJanuary-February 2022. |
||
| 300 |
_a volume 113 pages 30-49, _billustration. |
||
| 500 | _aThe Social Studies, v. 113, no. 1, pages 30-49, January-February 2022. | ||
| 650 |
_aFreedom of speech. _949898 |
||
| 650 |
_aCensorship. _949899 |
||
| 700 |
_aMoore, James. _eauthor. _949897 |
||
| 942 |
_2ddc _cPER |
||
| 999 |
_c18402 _d18402 |
||